ऋणानुबंध / (Record no. 46622)
[ view plain ]
| 000 -LEADER | |
|---|---|
| fixed length control field | 01090nam a22002417a 4500 |
| 005 - DATE AND TIME OF LATEST TRANSACTION | |
| control field | 20100910161617.0 |
| 010 ## - LCCN (DPL NO) | |
| LC control number | MAR-20269 |
| 020 ## - INTERNATIONAL STANDARD BOOK NUMBER | |
| Terms of availability | 150.00 |
| International Standard Book Number | 9788189634285 |
| 035 ## - SYSTEM CONTROL NUMBER | |
| System control number | MR-12927 |
| 037 ## - SOURCE OF ACQUISITION | |
| Source of stock number/acquisition | DBAD / PUB |
| 082 ## - DEWEY DECIMAL CLASSIFICATION NUMBER | |
| Classification number | 921 |
| 245 ## - TITLE STATEMENT | |
| Title | ऋणानुबंध / |
| Statement of responsibility, etc | शंकर वैद्य तथा सदा डुम्बरे द्वारा संपादित |
| 246 ## - VARYING FORM OF TITLE | |
| Title proper/short title | Rinanbandh |
| Remainder of title | |
| 260 ## - PUBLICATION, DISTRIBUTION, ETC. (IMPRINT) | |
| Place of publication, distribution, etc | पुणे |
| Name of publisher, distributor, etc | स्नेहवर्धन प्रकाशन |
| Date of publication, distribution, etc | 2010 |
| 270 ## - ADDRESS | |
| Address | 863 सदाशिव पेठ, महात्मा फुले सभागृहामागे |
| City | पुणे |
| Postal code | 411030 |
| 300 ## - PHYSICAL DESCRIPTION | |
| Extent | 187पृ |
| Dimensions | 21सेमी (अजिल्द) |
| 650 ## - SUBJECT ADDED ENTRY--TOPICAL TERM | |
| Topical term or geographic name as entry element | आत्मचरित्र |
| 650 ## - SUBJECT ADDED ENTRY--TOPICAL TERM | |
| Topical term or geographic name as entry element | Autobigraphy |
| 700 ## - ADDED ENTRY--PERSONAL NAME | |
| 9 (RLIN) | 17934 |
| Personal name | वैद्य,शंकर |
| 700 ## - ADDED ENTRY--PERSONAL NAME | |
| 9 (RLIN) | 19411 |
| Personal name | डुम्बरे,सदा |
| 942 ## - ADDED ENTRY ELEMENTS (KOHA) | |
| Source of classification or shelving scheme | Dewey Decimal Classification |
| Item type | Marathi Books |
| Call number suffix | मोडक |
| Classification part | 921 |
| Withdrawn status | Lost status | Not for loan | Collection code | Home library | Current library | Date acquired | Source of acquisition | Cost, normal purchase price | Full call number | Barcode | Copy number | Cost, replacement price | Koha item type |
|---|---|---|---|---|---|---|---|---|---|---|---|---|---|
| Not For Loan | Non-fiction | D.B.Act.Division | D.B.Act.Division | 17/09/2010 | DBAD / PUB | 150.00 | 921 मोडक | MR-12927 | 1 | 150.00 | Marathi Books |
